Statistics for Name Florida rapper by song

Click here to take the quiz!

General Stats

  • This quiz has been taken 9 times
  • The average score is 8 of 10

Answer Stats

QuestionAnswer% Correct
Which artist has song called Don´t Need timeHotboii
100%
Which artist has song called Gucci gangLil pump
100%
Which artist has song called Heart on IceRod wave
100%
Which artist has song called 223´sYnw Melly
100%
Which artist has song called Codeine dreamingKodak black
88%
which artist has song called Why you lyingGlokknine
75%
Which artist has song called No LoL´zLpb poody
75%
Which artist has song called Big businessTrapland Pat
75%
Which artist has song called Like MikeSoldier Kidd
50%
Which artist has song called slideJulio Foolio
38%

Score Distribution

Percentile by Number Answered

Percent of People with Each Score

Your Score History

You have not taken this quiz